|
|
|
|
| LEADER |
00000caa a22000002c 4500 |
| 001 |
1912571307 |
| 003 |
DE-627 |
| 005 |
20250109091601.0 |
| 007 |
cr uuu---uuuuu |
| 008 |
241217s2024 xx |||||o 00| ||eng c |
| 024 |
7 |
|
|a 10.1007/s10964-024-01987-8
|2 doi
|
| 035 |
|
|
|a (DE-627)1912571307
|
| 035 |
|
|
|a (DE-599)KXP1912571307
|
| 040 |
|
|
|a DE-627
|b ger
|c DE-627
|e rda
|
| 041 |
|
|
|a eng
|
| 084 |
|
|
|a 2,1
|2 ssgn
|
| 100 |
1 |
|
|a Gee, Kevin A.
|e VerfasserIn
|4 aut
|
| 245 |
1 |
0 |
|a Hate speech against Asian American youth: Pre-pandemic trends and the role of school factors
|
| 264 |
|
1 |
|c 2024
|
| 336 |
|
|
|a Text
|b txt
|2 rdacontent
|
| 337 |
|
|
|a Computermedien
|b c
|2 rdamedia
|
| 338 |
|
|
|a Online-Ressource
|b cr
|2 rdacarrier
|
| 700 |
1 |
|
|a Yu, Peter S.
|e VerfasserIn
|0 (DE-588)170715094
|0 (DE-627)06084034X
|0 (DE-576)131573934
|4 aut
|
| 700 |
1 |
|
|a Cooc, North
|e VerfasserIn
|4 aut
|
| 773 |
0 |
8 |
|i Enthalten in
|t Journal of youth and adolescence
|d New York, NY [u.a.] : Springer Science + Business Media B.V., 1972
|g (2024)
|h Online-Ressource
|w (DE-627)320578542
|w (DE-600)2017317-9
|w (DE-576)102669392
|x 1573-6601
|7 nnas
|
| 773 |
1 |
8 |
|g year:2024
|
| 787 |
0 |
8 |
|i Forschungsdaten
|a USA. Bureau of Justice Statistics
|t National Crime Victimization Survey: School Crime Supplement, 2015
|d [Erscheinungsort nicht ermittelbar] : [Verlag nicht ermittelbar], 2016
|w (DE-627)1840042362
|
| 787 |
0 |
8 |
|i Forschungsdaten
|a USA. Bureau of Justice Statistics
|t National Crime Victimization Survey: School Crime Supplement, (United States), 2017
|d [Erscheinungsort nicht ermittelbar] : [Verlag nicht ermittelbar], 2020
|w (DE-627)1840039442
|
| 787 |
0 |
8 |
|i Forschungsdaten
|a USA. Bureau of Justice Statistics
|t National Crime Victimization Survey: School Crime Supplement, (United States), 2019
|d [Erscheinungsort nicht ermittelbar] : [Verlag nicht ermittelbar], 2021
|w (DE-627)1840038152
|
| 856 |
|
|
|u https://link.springer.com/content/pdf/10.1007/s10964-024-01987-8.pdf
|x unpaywall
|z Vermutlich kostenfreier Zugang
|h publisher [deprecated]
|
| 856 |
4 |
0 |
|u https://doi.org/10.1007/s10964-024-01987-8
|x Resolving-System
|z kostenfrei
|3 Volltext
|7 0
|
| 935 |
|
|
|a mkri
|
| 951 |
|
|
|a AR
|
| ELC |
|
|
|a 1
|
| LOK |
|
|
|0 000 xxxxxcx a22 zn 4500
|
| LOK |
|
|
|0 001 4637536804
|
| LOK |
|
|
|0 003 DE-627
|
| LOK |
|
|
|0 004 1912571307
|
| LOK |
|
|
|0 005 20241217044527
|
| LOK |
|
|
|0 008 241217||||||||||||||||ger|||||||
|
| LOK |
|
|
|0 035
|a (DE-2619)ICPSR174902
|
| LOK |
|
|
|0 040
|a DE-2619
|c DE-627
|d DE-2619
|
| LOK |
|
|
|0 092
|o n
|
| LOK |
|
|
|0 852
|a DE-2619
|
| LOK |
|
|
|0 852 1
|9 00
|
| LOK |
|
|
|0 935
|a nacp
|
| LOK |
|
|
|0 939
|a 17-12-24
|b l01
|
| OAS |
|
|
|a 1
|
| ORI |
|
|
|a SA-MARC-krimdoka001.raw
|